00389nam a2200145 a 4500041001200000082001500012100001600027245001800043260003100061300000800092500003500100505006800135650002400203700001600227 aPersian00a234.2bELD aElder, John aDanish-O-Deen aTehranbFaroos Pressc1941 a132 aincludes index and biblioraphy2 aAramaic Approach to the Four Gospels By Archdeacon Barkat Ullah aReligion and Reason1 aElder, John